Statistiques concernant Députés de gauche - XVIe législature

Cliquez ici pour prendre le quiz!

Statistiques générales

  • Ce quiz a été pris 33 fois
  • Le résultat moyen est 42 sur 157

Statistiques - réponses

CirconscriptionGroupe politiqueDéputé(e)% Correct
Val-de-Marne 10ePrés. La France insoumise – NupesMathilde Panot
92%
Paris 9eÉcologiste – NupesSandrine Rousseau
92%
Paris 17eLa France insoumise – NupesDanièle Obono
83%
Nord 20eGauche démocrate et républicaine – NupesFabien Roussel
83%
Bouches-du-Rhône 4eLa France insoumise – NupesManuel Bompard
83%
Nord 1eNon inscrit (La France insoumise – Nupes)Adrien Quatennens
79%
Seine-et-Marne 11eSocialistes et apparentés - NupesOlivier Faure
79%
Seine-Saint-Denis 7eLa France insoumise – NupesAlexis Corbière
75%
La Réunion 4eGauche démocrate et républicaine – NupesEmeline K/Bidi
71%
Val-de-Marne 3eLa France insoumise – NupesLouis Boyard
71%
Seine-Saint-Denis 11eLa France insoumise – NupesClémentine Autain
67%
Somme 1eLa France insoumise – NupesFrançois Ruffin
63%
Val-de-Marne 7eLa France insoumise – NupesRachel Keke
58%
Seine-Saint-Denis 5eLa France insoumise – NupesRaquel Garrido
58%
Nord 2eLa France insoumise – NupesUgo Bernalicis
58%
Meurthe-et-Moselle 6eLa France insoumise – NupesCaroline Fiat
54%
Paris 5eÉcologiste – NupesJulien Bayou
54%
Seine-Maritime 6eGauche démocrate et républicaine – NupesSébastien Jumel
54%
Ariège 1eLa France insoumise – NupesBénédicte Taurine
50%
Essonne 6eSocialistes et apparentés - NupesJérôme Guedj
50%
Puy-de-Dôme 5ePrés. Gauche démocrate et républicaine – NupesAndré Chassaigne
46%
Essonne 10eLa France insoumise – NupesAntoine Léaument
46%
Paris 18eLa France insoumise – NupesAymeric Caron
46%
Landes 3ePrés. Socialistes et apparentés - NupesBoris Vallaud
46%
Isère 3eLa France insoumise – NupesÉlisa Martin
46%
Dordogne 1eLa France insoumise – NupesPascale Martin
46%
Nord 8eLa France insoumise – NupesDavid Guiraud
42%
Seine-Saint-Denis 1eLa France insoumise – NupesEric Coquerel
42%
Paris 6eLa France insoumise – NupesSophia Chikirou
42%
Tarn-et-Garonne 1eSocialistes et apparentés - NupesValérie Rabault
42%
Calvados 2eSocialistes et apparentés - NupesArthur Delaporte
38%
Isère 2ePrés. Écologiste – NupesCyrielle Chatelain
38%
Paris 15eLa France insoumise – NupesDanielle Simonnet
38%
Deux-Sèvres 2eÉcologiste – NupesDelphine Batho
38%
Hauts-de-Seine 1eGauche démocrate et républicaine – NupesElsa Faucillon
38%
Bouches-du-Rhône 13eGauche démocrate et républicaine – NupesPierre Dharréville
38%
Seine-Saint-Denis 2eGauche démocrate et républicaine – NupesStéphane Peu
38%
Seine-Maritime 4eLa France insoumise – NupesAlma Dufour
33%
Val-d'Oise 10eÉcologiste – NupesAurélien Taché
33%
Seine-Maritime 3eGauche démocrate et républicaine – NupesHubert Wulfranc
33%
Alpes-de-Haute-Provence 2eLa France insoumise – NupesLéo Walter
33%
Gironde 3eLa France insoumise – NupesLoïc Prud'Homme
33%
Rhône 3eÉcologiste – NupesMarie-Charlotte Garin
33%
Eure 4eSocialistes et apparentés - NupesPhilippe Brun
33%
Charente 1eLa France insoumise – NupesRené Pilato
33%
Paris 16eLa France insoumise – NupesSarah Legrain
33%
Loire-Atlantique 2eLa France insoumise – NupesAndy Kerbrat
29%
Hauts-de-Seine 11eLa France insoumise – NupesAurélien Saintoul
29%
Pas-de-Calais 8eSocialistes et apparentés - NupesBertrand Petit
29%
Rhône 6eLa France insoumise – NupesGabriel Amard
29%
Rhône 2eÉcologiste – NupesHubert Julien-Laferriere
29%
La Réunion 2eGauche démocrate et républicaine – NupesKarine Lebon
29%
Seine-Saint-Denis 10eLa France insoumise – NupesNadège Abomangoli
29%
Loire-Atlantique 3eLa France insoumise – NupesSégolène Amiot
29%
Seine-Saint-Denis 9eLa France insoumise – NupesAurélie Trouvé
25%
Seine-Saint-Denis 6eLa France insoumise – NupesBastien Lachaud
25%
Yvelines 8eÉcologiste – NupesBenjamin Lucas
25%
Nord 3eLibertés, Indépendants, Outre-mer et TerritoiresBenjamin Saint-Huile
25%
Puy-de-Dôme 2eSocialistes et apparentés - NupesChristine Pirès Beaune
25%
Haute-Garonne 7eLa France insoumise – NupesChristophe Bex
25%
Val-de-Marne 2eLa France insoumise – NupesClémence Guetté
25%
Meurthe-et-Moselle 5eSocialistes et apparentés - NupesDominique Potier
25%
Seine-et-Marne 7eLa France insoumise – NupesErsilia Soudais
25%
Essonne 1eLa France insoumise – NupesFarida Amrani
25%
Bouches-du-Rhône 5eLa France insoumise – NupesHendrik Davi
25%
Aisne 3eLibertés, Indépendants, Outre-mer et TerritoiresJean-Louis Bricout
25%
Seine-Maritime 8eGauche démocrate et républicaine – NupesJean-Paul Lecoq
25%
Ariège 2eLibertés, Indépendants, Outre-mer et TerritoiresLaurent Panifous
25%
Finistère 6eSocialistes et apparentés - NupesMélanie Thomin
25%
Polynésie française 3eGauche démocrate et républicaine – NupesMoetai Brotherson
25%
Morbihan 4eLibertés, Indépendants, Outre-mer et TerritoiresPaul Molac
25%
Bas-Rhin 1eÉcologiste – NupesSandra Regol
25%
Bouches-du-Rhône 7eLa France insoumise – NupesSébastien Delogu
25%
Seine-Saint-Denis 3eLa France insoumise – NupesThomas Portes
25%
Val-d'Oise 8eLa France insoumise – NupesCarlos Martens Bilongo
21%
Indre-et-Loire 1eÉcologiste – NupesCharles Fournier
21%
Bas-Rhin 2eLa France insoumise – NupesEmmanuel Fernandes
21%
Paris 8eÉcologiste – NupesEva Sas
21%
Mayenne 1eSocialistes et apparentés - NupesGuillaume Garot
21%
Rhône 14eLa France insoumise – NupesIdir Boumertit
21%
Val-de-Marne 9eSocialistes et apparentés - NupesIsabelle Santiago
21%
Loire-Atlantique 4eÉcologiste – NupesJulie Laernoes
21%
Puy-de-Dôme 1eLa France insoumise – NupesMarianne Maximi
21%
Sarthe 2eSocialistes et apparentés - NupesMarietta Karamanli
21%
Ille-et-Vilaine 4eLa France insoumise – NupesMathilde Hignet
21%
Côtes-d'Armor 4eLa France insoumise – NupesMurielle Lepvraud
21%
Hérault 2eLa France insoumise – NupesNathalie Oziol
21%
Gironde 2eÉcologiste – NupesNicolas Thierry
21%
Dordogne 4eÉcologiste – NupesSébastien Peytavie
21%
Val-de-Marne 11eÉcologiste – NupesSophie Taillé-Polian
21%
Yvelines 11eLa France insoumise – NupesWilliam Martinet
21%
Gironde 4eSocialistes et apparentés - NupesAlain David
17%
Manche 4eSocialistes et apparentés - NupesAnna Pic
17%
Creuse 1eLa France insoumise – NupesCatherine Couturier
17%
Saône-et-Loire 4eSocialistes et apparentés - NupesCécile Untermaier
17%
Moselle 3eLa France insoumise – NupesCharlotte Leduc
17%
Ille-et-Vilaine 3eSocialistes et apparentés - NupesClaudia Rouaux
17%
Guyane 2eGauche démocrate et républicaine – NupesDavy Rimane
17%
Seine-Saint-Denis 8eSocialistes et apparentés - NupesFatiha Keloua Hachi
17%
Hauts-de-Seine 2eÉcologiste – NupesFrancesca Pasquini
17%
Seine-Maritime 5eSocialistes et apparentés - NupesGérard Leseul
17%
Haute-Garonne 1eLa France insoumise – NupesHadrien Clouet
17%
Savoie 4eLa France insoumise – NupesJean-François Coulomme
17%
Martinique 4eLa France insoumise – NupesJean-Philippe Nilor
17%
Guyane 1eGauche démocrate et républicaine – NupesJean-Victor Castor
17%
Seine-Saint-Denis 12eLa France insoumise – NupesJérôme Legavre
17%
Haute-Garonne 8eSocialistes et apparentés - NupesJoël Aviragnet
17%
Français établis hors de France 9eÉcologiste – NupesKarim Ben Cheïkh
17%
Vienne 1eÉcologiste – NupesLisa Belluco
17%
Drôme 3eÉcologiste – NupesMarie Pochon
17%
Ille-et-Vilaine 8eSocialistes et apparentés - NupesMickaël Bouloux
17%
Cher 2eGauche démocrate et républicaine – NupesNicolas Sansu
17%
Paris 10eLa France insoumise – NupesRodrigo Arenas
17%
Loire 2eLa France insoumise – NupesAndrée Taurinya
13%
Haute-Garonne 9eÉcologiste – NupesChristine Arrighi
13%
Haute-Vienne 1eLa France insoumise – NupesDamien Maudet
13%
Gers 2eLibertés, Indépendants, Outre-mer et TerritoiresDavid Taupiac
13%
Territoire de Belfort 2eLa France insoumise – NupesFlorian Chauche
13%
Haute-Garonne 4eLa France insoumise – NupesFrançois Piquemal
13%
Ille-et-Vilaine 1eLa France insoumise – NupesFrédéric Mathieu
13%
Ardèche 1eSocialistes et apparentés - NupesHervé Saulignac
13%
Pyrénées-Atlantiques 4eSocialistes et apparentés - NupesInaki Echaniz
13%
Loire-Atlantique 6eÉcologiste – NupesJean-Claude Raux
13%
La Réunion 5eLa France insoumise – NupesJean-Hugues Ratenon
13%
Pas-de-Calais 3eGauche démocrate et républicaine – NupesJean-Marc Tellier
13%
Isère 5eÉcologiste – NupesJérémie Iordanoff
13%
Aveyron 2eLa France insoumise – NupesLaurent Alexandre
13%
Haute-Vienne 3eLa France insoumise – NupesManon Meunier
13%
Meurthe-et-Moselle 3eLa France insoumise – NupesMartine Etienne
13%
Nord 11eSocialistes et apparentés - NupesRoger Vicot
13%
Hauts-de-Seine 4eÉcologiste – NupesSabrina Sebaihi
13%
Polynésie française 2eGauche démocrate et républicaine – NupesSteve Chailloux
13%
Hérault 8eLa France insoumise – NupesSylvain Carriere
13%
Polynésie française 1eGauche démocrate et républicaine – NupesTematai Le Gayic
13%
Val-d'Oise 9eLa France insoumise – NupesArnaud Le Gall
8%
Orne 1eSocialistes et apparentés - NupesChantal Jourdan
8%
La Réunion 6eGauche démocrate et républicaine – NupesFrédéric Maillot
8%
Martinique 1eGauche démocrate et républicaine – NupesJiovanny William
8%
Tarn 2eLa France insoumise – NupesKaren Erodi
8%
Martinique 2eGauche démocrate et républicaine – NupesMarcellin Nadeau
8%
La Réunion 7eLa France insoumise – NupesPerceval Gaillard
8%
Seine-Saint-Denis 4eGauche démocrate et républicaine – NupesSoumya Bourouaha
8%
Hautes-Pyrénées 1eLa France insoumise – NupesSylvie Ferrer
8%
Allier 1eGauche démocrate et républicaine – NupesYannick Monnet
8%
Haute-Garonne 2eLa France insoumise – NupesAnne Stambach-Terrenoir
4%
Guadeloupe 2eApp. Socialistes et apparentés - NupesChristian Baptiste
4%
Guadeloupe 4eApp. Socialistes et apparentés - NupesElie Califer
4%
Martinique 3eApp. Socialistes et apparentés - NupesJohnny Hajjar
4%
Isère 4eSocialistes et apparentés - NupesMarie-Noëlle Battistel
4%
Loire-Atlantique 8eLa France insoumise – NupesMatthias Tavel
4%
Seine-et-Marne 10eLa France insoumise – NupesMaxime Laisney
4%
Gard 5eLa France insoumise – NupesMichel Sala
4%
Val-d'Oise 5eLa France insoumise – NupesPaul Vannier
4%
La Réunion 1eApp. Socialistes et apparentés - NupesPhilippe Naillet
4%
Hérault 4eLa France insoumise – NupesSébastien Rome
4%
Haute-Vienne 2eSocialistes et apparentés - NupesStéphane Delautrette
4%
Sarthe 4eLa France insoumise – NupesElise Leboucher
0%

Distribution des résultats

Percentile par nombre de réponses

% des personnes avec chaque résultat

Votre développement - résultats

Vous n’avez pas pris ce quiz